Online katalóg knižníc regiónu Turca

Čin-čin (Record no. 22653)

MARC details
000 -LEADER
fixed length control field 01207nam a2200385 a 4500
001 - CONTROL NUMBER
control field 22653
003 - CONTROL NUMBER IDENTIFIER
control field SK-KTurca
005 - DATE AND TIME OF LATEST TRANSACTION
control field 20260415133914.0
008 - FIXED-LENGTH DATA ELEMENTS--GENERAL INFORMATION
fixed length control field 240318s2007 xo a c 000 p slo
015 ## - NATIONAL BIBLIOGRAPHY NUMBER
National bibliography number SNBA2008/02-00615
020 ## - INTERNATIONAL STANDARD BOOK NUMBER
International Standard Book Number 9788055115184
Qualifying information (viaz.)
035 ## - SYSTEM CONTROL NUMBER
System control number 9250FADB-641E-42D5-A329-A98434D9A55F
035 ## - SYSTEM CONTROL NUMBER
System control number urn:nbn:sk:snk-amkz4m
035 ## - SYSTEM CONTROL NUMBER
System control number urn:nbn:sk:snk-am008pec
040 ## - CATALOGING SOURCE
Original cataloging agency SNK
Language of cataloging slo
Transcribing agency SNK
Description conventions AACR2
041 0# - LANGUAGE CODE
Language code of text/sound track or separate title slo
044 ## - COUNTRY OF PUBLISHING/PRODUCING ENTITY CODE
MARC country code xo
ISO country code SK
072 #7 - SUBJECT CATEGORY CODE
Subject category code 821.162.4-1
Subject category code subdivision Slovenská poézia
Source konspekt
072 #7 - SUBJECT CATEGORY CODE
Subject category code 821-93
Subject category code subdivision Literatúra pre deti a mládež
Source konspekt
080 ## - UNIVERSAL DECIMAL CLASSIFICATION NUMBER
Universal Decimal Classification number 821.162.4-1
Edition identifier 2001
080 ## - UNIVERSAL DECIMAL CLASSIFICATION NUMBER
Universal Decimal Classification number 821-93
Edition identifier 2001
100 1# - MAIN ENTRY--PERSONAL NAME
Personal name Podjavorinská, Ľudmila,
Dates associated with a name 1872-1951
Relationship aut
245 10 - TITLE STATEMENT
Title Čin-čin
Statement of responsibility, etc. Ľudmila Podjavorinská ; [ilustrácie Karol Ondreička]
250 ## - EDITION STATEMENT
Edition statement 2. vyd.
260 ## - PUBLICATION, DISTRIBUTION, ETC.
Place of publication, distribution, etc. Bratislava
Name of publisher, distributor, etc. Ikar
Date of publication, distribution, etc. 2007
300 ## - PHYSICAL DESCRIPTION
Extent 99 s.
Other physical details fareb. ilustr.
Dimensions 21 cm
500 ## - GENERAL NOTE
General note Celkovo 8. vyd.
521 ## - TARGET AUDIENCE NOTE
Target audience note Pre deti predškolského veku a žiakov ZŠ
655 #7 - INDEX TERM--GENRE/FORM
Genre/form data or focus term publikácie pre deti
Source of term SNKPH
655 #7 - INDEX TERM--GENRE/FORM
Genre/form data or focus term slovenská poézia
Source of term SNKPH
700 1# - ADDED ENTRY--PERSONAL NAME
Personal name Ondreička, Karol,
Dates associated with a name 1898-1961
Relationship ill
942 ## - ADDED ENTRY ELEMENTS (KOHA)
Source of classification or shelving scheme Dewey Decimal Classification
Koha item type Krásna literatúra pre deti
Suppress in OPAC No
980 ## - EQUIVALENCE OR CROSS-REFERENCE-SERIES STATEMENT--PERSONAL NAME/TITLE [LOCAL, CANADA]
Personal name 821.162.4-1
980 ## - EQUIVALENCE OR CROSS-REFERENCE-SERIES STATEMENT--PERSONAL NAME/TITLE [LOCAL, CANADA]
Personal name 821-93
Holdings
Stav vyradenia Strata Poškodenie Spôsob nadobudnutia Domovská knižnica Aktuálna knižnica Dátum nadobudnutia Total checkouts Čiarový kód exemplára Date last seen Typ exemplára
      Dar Obecná knižnica Horná Štubňa Obecná knižnica Horná Štubňa 15.04.2026   9788055115184 15.04.2026 Krásna literatúra pre deti
Projekt je podporený Slovenskou asociáciou knižníc
Prevádzkuje Turčianska knižnica Martin 2026